Normal view
MARC view
- Pakistan Commission Barain Insaani Aqooq
Entry Personal Name
001 - CONTROL NUMBER
- control field: 14536
003 - CONTROL NUMBER IDENTIFIER
- control field: NUST
005 - DATE AND TIME OF LATEST TRANSACTION
- control field: 20190524060938.0
008 - FIXED-LENGTH DATA ELEMENTS
- fixed length control field: 190524|| aca||aabn | a|a d
040 ## - CATALOGING SOURCE
- Original cataloging agency: NUST
- Transcribing agency: NUST
100 ## - HEADING--PERSONAL NAME
- Personal name: Pakistan Commission Barain Insaani Aqooq
670 ## - SOURCE DATA FOUND
- Source citation: Work cat.: (NUST): Pakistan Commission Barain Insaani Aqooq, Qaid Khano Main Insani Aqooq Ka Tafaz /, 1999.
